<?xml version="1.0" encoding="UTF-8"?>
<record
    xmlns:xsi="http://www.w3.org/2001/XMLSchema-instance"
    xsi:schemaLocation="http://www.loc.gov/MARC21/slim http://www.loc.gov/standards/marcxml/schema/MARC21slim.xsd"
    xmlns="http://www.loc.gov/MARC21/slim">

  <leader>00348nam a2200145Ia 4500</leader>
  <datafield tag="999" ind1=" " ind2=" ">
    <subfield code="c">5805</subfield>
    <subfield code="d">5805</subfield>
  </datafield>
  <controlfield tag="003">OSt</controlfield>
  <controlfield tag="008">191201s2013    xx            000 0 und d</controlfield>
  <datafield tag="082" ind1=" " ind2=" ">
    <subfield code="a">690</subfield>
    <subfield code="b">RAB</subfield>
  </datafield>
  <datafield tag="100" ind1=" " ind2=" ">
    <subfield code="a">RANGWALA, SC</subfield>
  </datafield>
  <datafield tag="245" ind1=" " ind2="0">
    <subfield code="a">Building Construction</subfield>
  </datafield>
  <datafield tag="260" ind1=" " ind2=" ">
    <subfield code="a">N. delhi</subfield>
    <subfield code="b">Charotar Pubg. House, Anand</subfield>
    <subfield code="c">2013</subfield>
  </datafield>
  <datafield tag="300" ind1=" " ind2=" ">
    <subfield code="a">760</subfield>
  </datafield>
  <datafield tag="650" ind1=" " ind2=" ">
    <subfield code="a">B.Tech(CE)</subfield>
  </datafield>
  <datafield tag="942" ind1=" " ind2=" ">
    <subfield code="2">ddc</subfield>
    <subfield code="c">BK</subfield>
    <subfield code="0">3</subfield>
  </datafield>
  <datafield tag="952" ind1=" " ind2=" ">
    <subfield code="0">0</subfield>
    <subfield code="1">0</subfield>
    <subfield code="2">ddc</subfield>
    <subfield code="4">0</subfield>
    <subfield code="7">0</subfield>
    <subfield code="8">BTECHCE</subfield>
    <subfield code="a">PIET</subfield>
    <subfield code="b">PIET</subfield>
    <subfield code="d">2014-03-18</subfield>
    <subfield code="e">IBH, New Delhi</subfield>
    <subfield code="g">240.00</subfield>
    <subfield code="k">22792</subfield>
    <subfield code="l">1</subfield>
    <subfield code="o">690 RAB</subfield>
    <subfield code="p">23366</subfield>
    <subfield code="q">2022-07-19</subfield>
    <subfield code="r">2022-01-20 00:00:00</subfield>
    <subfield code="s">2022-01-20</subfield>
    <subfield code="v">184.32</subfield>
    <subfield code="w">2014-03-08</subfield>
    <subfield code="y">BK</subfield>
  </datafield>
  <datafield tag="952" ind1=" " ind2=" ">
    <subfield code="0">0</subfield>
    <subfield code="1">0</subfield>
    <subfield code="2">ddc</subfield>
    <subfield code="4">0</subfield>
    <subfield code="7">0</subfield>
    <subfield code="8">BTECHCE</subfield>
    <subfield code="a">PIET</subfield>
    <subfield code="b">PIET</subfield>
    <subfield code="d">2014-03-18</subfield>
    <subfield code="e">IBH, New Delhi</subfield>
    <subfield code="g">240.00</subfield>
    <subfield code="k">22792</subfield>
    <subfield code="l">0</subfield>
    <subfield code="o">690 RAB</subfield>
    <subfield code="p">23367</subfield>
    <subfield code="r">2019-12-04 00:00:00</subfield>
    <subfield code="v">184.32</subfield>
    <subfield code="w">2014-03-08</subfield>
    <subfield code="y">BK</subfield>
  </datafield>
  <datafield tag="952" ind1=" " ind2=" ">
    <subfield code="0">0</subfield>
    <subfield code="1">0</subfield>
    <subfield code="2">ddc</subfield>
    <subfield code="4">0</subfield>
    <subfield code="7">0</subfield>
    <subfield code="8">BTECHCE</subfield>
    <subfield code="a">PIET</subfield>
    <subfield code="b">PIET</subfield>
    <subfield code="d">2014-03-18</subfield>
    <subfield code="e">IBH, New Delhi</subfield>
    <subfield code="g">240.00</subfield>
    <subfield code="k">22792</subfield>
    <subfield code="l">1</subfield>
    <subfield code="o">690 RAB</subfield>
    <subfield code="p">23368</subfield>
    <subfield code="r">2023-11-09 00:00:00</subfield>
    <subfield code="s">2023-10-26</subfield>
    <subfield code="v">184.32</subfield>
    <subfield code="w">2014-03-08</subfield>
    <subfield code="y">BK</subfield>
  </datafield>
  <datafield tag="952" ind1=" " ind2=" ">
    <subfield code="0">0</subfield>
    <subfield code="1">0</subfield>
    <subfield code="2">ddc</subfield>
    <subfield code="4">0</subfield>
    <subfield code="7">0</subfield>
    <subfield code="8">BTECHCE</subfield>
    <subfield code="a">PIET</subfield>
    <subfield code="b">PIET</subfield>
    <subfield code="d">2014-03-18</subfield>
    <subfield code="e">IBH, New Delhi</subfield>
    <subfield code="g">240.00</subfield>
    <subfield code="k">22792</subfield>
    <subfield code="l">2</subfield>
    <subfield code="o">690 RAB</subfield>
    <subfield code="p">23369</subfield>
    <subfield code="r">2025-01-17 00:00:00</subfield>
    <subfield code="s">2025-01-14</subfield>
    <subfield code="v">184.32</subfield>
    <subfield code="w">2014-03-08</subfield>
    <subfield code="y">BK</subfield>
  </datafield>
  <datafield tag="952" ind1=" " ind2=" ">
    <subfield code="0">0</subfield>
    <subfield code="1">0</subfield>
    <subfield code="2">ddc</subfield>
    <subfield code="4">0</subfield>
    <subfield code="7">0</subfield>
    <subfield code="8">BTECHCE</subfield>
    <subfield code="a">PIET</subfield>
    <subfield code="b">PIET</subfield>
    <subfield code="d">2014-03-18</subfield>
    <subfield code="e">IBH, New Delhi</subfield>
    <subfield code="g">240.00</subfield>
    <subfield code="k">22792</subfield>
    <subfield code="l">0</subfield>
    <subfield code="o">690 RAB</subfield>
    <subfield code="p">23370</subfield>
    <subfield code="r">2019-12-04 00:00:00</subfield>
    <subfield code="v">184.32</subfield>
    <subfield code="w">2014-03-08</subfield>
    <subfield code="y">BK</subfield>
  </datafield>
  <datafield tag="952" ind1=" " ind2=" ">
    <subfield code="0">0</subfield>
    <subfield code="1">0</subfield>
    <subfield code="2">ddc</subfield>
    <subfield code="4">0</subfield>
    <subfield code="7">0</subfield>
    <subfield code="8">BTECHCE</subfield>
    <subfield code="a">PIET</subfield>
    <subfield code="b">PIET</subfield>
    <subfield code="d">2014-03-18</subfield>
    <subfield code="e">IBH, New Delhi</subfield>
    <subfield code="g">240.00</subfield>
    <subfield code="k">22792</subfield>
    <subfield code="l">3</subfield>
    <subfield code="o">690 RAB</subfield>
    <subfield code="p">23371</subfield>
    <subfield code="r">2025-12-11 00:00:00</subfield>
    <subfield code="s">2025-11-28</subfield>
    <subfield code="v">184.32</subfield>
    <subfield code="w">2014-03-08</subfield>
    <subfield code="y">BK</subfield>
  </datafield>
  <datafield tag="952" ind1=" " ind2=" ">
    <subfield code="0">0</subfield>
    <subfield code="1">0</subfield>
    <subfield code="2">ddc</subfield>
    <subfield code="4">0</subfield>
    <subfield code="7">0</subfield>
    <subfield code="8">BTECHCE</subfield>
    <subfield code="a">PIET</subfield>
    <subfield code="b">PIET</subfield>
    <subfield code="d">2014-03-18</subfield>
    <subfield code="e">IBH, New Delhi</subfield>
    <subfield code="g">240.00</subfield>
    <subfield code="k">22792</subfield>
    <subfield code="l">0</subfield>
    <subfield code="o">690 RAB</subfield>
    <subfield code="p">23372</subfield>
    <subfield code="r">2019-12-04 00:00:00</subfield>
    <subfield code="v">184.32</subfield>
    <subfield code="w">2014-03-08</subfield>
    <subfield code="y">BK</subfield>
  </datafield>
</record>
